UBT Library

Rheumatic fever; (Record no. 47030)

000 -LEADER
fixed length control field 00733cam a22002411 4500
001 - CONTROL NUMBER
control field 6120092
005 - DATE AND TIME OF LATEST TRANSACTION
control field 20180813052139.0
008 - FIXED-LENGTH DATA ELEMENTS--GENERAL INFORMATION
fixed length control field 731207s1965 paua b 000 0 eng
010 ## - LIBRARY OF CONGRESS CONTROL NUMBER
LC control number 65020648
015 ## - NATIONAL BIBLIOGRAPHY NUMBER
National bibliography number GB65-11940
035 ## - SYSTEM CONTROL NUMBER
System control number (OCoLC)756865
040 ## - CATALOGING SOURCE
Original cataloging agency DLC
Transcribing agency OTMC
Modifying agency OCoLC
-- Uk
-- DLC
041 ## - LANGUAGE CODE
Language code of text/sound track or separate title eng
042 ## - AUTHENTICATION CODE
Authentication code premarc
080 ## - UNIVERSAL DECIMAL CLASSIFICATION NUMBER
Universal Decimal Classification number 616.991
082 ## - DEWEY DECIMAL CLASSIFICATION NUMBER
Classification number 616.991 MAR
100 1# - Rafti
Rafti 7
101 ## - Shkurtesa
Shkurtesa REU
245 10 - TITLE STATEMENT
Title Rheumatic fever;
Statement of responsibility, etc by Milton Markowitz and Ann Gayler Kuttner. With a special chapter on community health services, by Leon Gordis.
504 ## - BIBLIOGRAPHY, ETC. NOTE
Bibliography, etc Bibliography: p. 213-233.
906 ## - LOCAL DATA ELEMENT F, LDF (RLIN)
a 7
b cbc
c oclcrpl
d u
e ncip
f 19
g y-gencatlg
942 ## - ADDED ENTRY ELEMENTS (KOHA)
Source of classification or shelving scheme
Item type Books
Holdings
Withdrawn status Lost status Source of classification or shelving scheme Damaged status Not for loan Collection code Permanent location Current location Shelving location Date acquired Total Checkouts Full call number Barcode Date last seen Price effective from Koha item type
          Koleksioni i përgjithshem UBT - Lipjan UBT - Lipjan Koleksioni i përgjithshem 08/13/2018   616.991 MAR 002-3010860 08/13/2018 08/13/2018 Books
UBT Library © 2015-2024. All rights reserved University Education for Business and Technology